[Event "4th Capablanca Memorial GM 2018"]
[Site "Heraklion"]
[Date "2018.04.16"]
[Round "8"]
[White "Koutoukidis, Panagiotis"]
[Black "Ider, Borya"]
[Result "1/2-1/2"]
[WhiteElo "2332"]
[BlackElo "2510"]
[Annotator "TA"]
[PlyCount "102"]
[EventDate "2018.??.??"]
[EventType "tourn"]
[EventCountry "GRE"]
[SourceTitle "playchess.com"]
[Source "ChessBase"]
[SourceQuality "1"]

{[%evp 10,102,69,33,62,0,89,18,10,1,68,82,90,87,85,85,100,108,138,142,123,90,79,63,95,100,83,53,128,123,118,22,23,14,12,11,26,27,36,8,0,0,0,-86,-84,-116,-116,-116,-114,-116,-117,-134,-96,-94,-14,-14,-14,-14,-14,-14,-14,-14,-14,-14,-14,-16,-14,-59,-59,-59,-59,-59,-59,-52,0,0,0,0,0,0,0,0,0,0,0,0,0,0,0,0,0,0,0,0,0]} 1. e4 g6 2. d4 Bg7 3. Nf3 c6 4. h3 d5 5. e5 Nh6 6. c4 {LiveBook: 9 Games. B06: Modern Defence} Be6 7. Ng5 (7. Nc3 $14) 7... Nd7 $146 (7... dxc4 $11 8. Nxe6 fxe6) ({Predecessor:} 7... Bf5 8. Nc3 f6 9. Nf3 Be6 10. cxd5 Bxd5 11. Nxd5 Qxd5 12. exf6 exf6 13. Qc2 Qe6+ {1-0 (35) Bartel,M (2653)-Kuzmicz,K (2451) Warsaw 2011}) 8. Nxe6 (8. Nc3 $16) 8... fxe6 $11 9. Nc3 Nf5 (9... O-O $11) 10. g4 $14 Nxd4 11. Qxd4 Nxe5 {[#]} 12. Qd1 $1 O-O 13. f4 Nxc4 14. Bxc4 dxc4 15. Qxd8 Raxd8 16. Ke2 b5 17. Be3 Rd3 18. Rhd1 Rfd8 (18... Bxc3 $14 19. bxc3 Rxc3) 19. Rxd3 $16 ({Of course not} 19. Bxa7 $6 Ra8 $11) 19... Rxd3 20. Rd1 ({Better is} 20. a4 $16) 20... Bxc3 $11 21. bxc3 Rxc3 {[%mdl 4096] Endgame KRB-KR} 22. Rd7 Rc2+ 23. Kf3 Rxa2 24. Rxa7 Rh2 25. Rc7 b4 26. Rxc6 {[#]} (26. Bc5 $11 {keeps the balance.} b3 27. Rxe7) 26... c3 $1 $17 27. Kg3 Ra2 {[%mdl 1024] Black has strong compensation.} 28. Kf3 c2 29. Ke4 b3 30. Kd3 Ra1 {...b2 is the strong threat.} 31. Rb6 Ra3 (31... Rd1+ $17 32. Ke2 Rb1) 32. Rxe6 $11 {[#]} c1=Q $1 {[%mdl 512]} 33. Bxc1 b2+ $1 34. Kc2 bxc1=Q+ ({Much less strong is} 34... bxc1=B 35. Kxc1 Kf7 36. Re5 $17) 35. Kxc1 {KR-KR} Kf7 ({Don't play} 35... Rxh3 36. Rxe7 Rh4 37. Kd2 $17) 36. Re4 Rxh3 {Strongly threatening ...h6.} 37. Kd2 h6 {[%cal Bh7h6,Bh6h5][%mdl 32]} 38. Ke2 Rg3 39. f5 gxf5 40. gxf5 h5 41. Re5 $1 Rg5 (41... h4 $15 42. Re6 Rc3) 42. Kf3 {The position is equal.} h4 {aiming for ...h3.} 43. Kf4 Rg8 {White must now prevent ...Rh8.} 44. Re3 Rh8 45. Kg4 Rh7 46. Ra3 Kf6 47. Ra6+ Ke5 {And now ...h3 would win.} 48. Ra5+ Kd4 {Threatens to win with ...h3.} 49. Ra4+ Kc5 {Hoping for ...h3.} 50. Ra3 Kb4 51. Rh3 Kc4 {Precision: White = 59%, Black = 56%.} 1/2-1/2

[Event "4th Capablanca Memorial GM 2018"]
[Site "Heraklion"]
[Date "2018.04.16"]
[Round "8"]
[White "Pogosyan, Stefan"]
[Black "Fernandez, Daniel Howard"]
[Result "1/2-1/2"]
[WhiteElo "2314"]
[BlackElo "2483"]
[Annotator "TA"]
[PlyCount "57"]
[EventDate "2018.??.??"]
[EventType "tourn"]
[EventCountry "GRE"]
[SourceTitle "playchess.com"]
[Source "ChessBase"]
[SourceQuality "1"]

{[%evp 20,57,62,61,67,60,63,61,68,62,70,53,47,54,54,34,52,22,45,43,45,58,60,45,75,45,45,57,56,42,70,66,80,11,12,0,75,0,10,0]} 1. c4 b6 2. Nc3 c5 3. Nf3 Bb7 4. e4 g6 5. d4 cxd4 6. Nxd4 Bg7 7. Be2 Nc6 8. Be3 Nf6 9. O-O O-O 10. f3 Nxd4 {B38: Sicilian: Maroczy Bind with 5...Bg7 and 7...0-0} (10... e6 11. Ndb5 d5 12. cxd5 exd5 13. exd5 Nb4 14. d6 Nfd5 15. Bd4 Bxd4+ 16. Qxd4 Nc2 17. Qd2 Nxc3 18. Qxc2 Nxb5 19. Bxb5 Qxd6 {½-½ (30) Safarli,E (2641)-Guseinov,G (2645) Kocaeli 2017}) 11. Bxd4 {LiveBook: 6 Games} d6 12. Re1 Re8 $146 {White is slightly better.} ({Predecessor:} 12... Qc7 13. Qd2 Rad8 14. Bf1 Nd7 15. Be3 Ne5 16. Nd5 Qd7 17. Bh6 e6 18. Bxg7 Kxg7 {1-0 (68) Lalic,B (2535)-Llorente Zaro,A (2235) Lorca 2004}) 13. Qd2 Nd7 14. Bxg7 Kxg7 15. Nd5 Rc8 16. Rac1 Kg8 17. Bf1 a6 18. Qd4 e5 19. Qe3 Bxd5 20. cxd5 b5 21. Rxc8 Qxc8 22. Rc1 Qb7 23. Qc3 Qa7+ 24. Kh1 Qf2 25. Qc6 Qxb2 {[#]} 26. Rc2 (26. Qxd7 $6 Qxc1 27. Qxe8+ Kg7 $11) (26. Rd1 $1 $16 Nf6 27. Qxa6 (27. Qxd6 Qc2 $16)) 26... Qa1 $1 $11 {[%cal Ra1f1]} 27. Rc1 ({White should play} 27. Rf2 $11 Qd4 28. Rc2 (28. Qxd7 Qxf2 29. Qxe8+ Kg7 $11)) 27... Qb2 $16 {[#]} 28. Rc2 ({Much weaker is} 28. Qxd7 Qxc1 29. Qxe8+ Kg7 $11) (28. Rd1 $1 $16 Nf6 29. Qxa6 (29. Qxd6 Qc2 $14)) 28... Qa1 $1 $11 {[%cal Ra1f1]} 29. Rc1 {Precision: White = 38%, Black = 62%.} 1/2-1/2

[Event "4th Capablanca Memorial GM 2018"]
[Site "Heraklion"]
[Date "2018.04.16"]
[Round "8"]
[White "Townsend, M Paul"]
[Black "Kapnisis, Spyridon"]
[Result "1/2-1/2"]
[WhiteElo "2211"]
[BlackElo "2472"]
[Annotator "TA"]
[PlyCount "38"]
[EventDate "2018.??.??"]
[EventType "tourn"]
[EventCountry "GRE"]
[SourceTitle "playchess.com"]
[Source "ChessBase"]
[SourceQuality "1"]

{[%evp 17,38,80,114,109,124,125,222,114,187,185,170,146,148,193,225,0,0,0,0,0,0,0,0]} 1. d4 d5 2. c4 Nc6 3. Nc3 Nf6 4. Nf3 Bg4 5. cxd5 Nxd5 6. e4 Bxf3 7. gxf3 Nxc3 {D07: Queen's Gambit: Chigorin Defence} 8. bxc3 e5 9. d5 (9. Rb1 Bd6 10. Rxb7 O-O 11. Qa4 Ne7 12. f4 exf4 13. Rxa7 Rxa7 14. Qxa7 Qd7 15. Qb7 {0-1 (55) Cao,S (2526)-Le,Q (2698) Ho Chi Minh City 2012}) 9... Nb8 {LiveBook: 7 Games. White is better.} 10. Rb1 Bc5 11. Qa4+ Kf8 $146 (11... Nd7 $16) ({Predecessor:} 11... Nd7 12. Bh3 Rb8 13. Rg1 h5 14. Rxg7 Kf8 15. Bg5 {½-½ (66) Golovanj,A (2217)-Prihodko,A (2358) Alushta 2005}) 12. Ba3 (12. Rxb7 $18 {aiming for Be3.} Qc8 13. Rb3) 12... Qd6 {[#]} (12... Bxa3 $16 {keeps fighting.} 13. Qxa3+ Qe7 14. Qxe7+ Kxe7) 13. Bxc5 $1 $18 Qxc5 14. Rxb7 {Black must now prevent Qb4.} Qxc3+ 15. Ke2 Nd7 {[#]} 16. Qxd7 $2 (16. Qb3 $1 $18 {[%cal Rb3c3]} Qc5 17. Bh3) 16... Qc2+ $11 {The position is equal.} 17. Ke1 {Hoping for Bd3!} Qc1+ $1 18. Ke2 Qc2+ 19. Ke1 {Bd3! is the strong threat.} Qc1+ $1 {Precision: White = 74%, Black = 41%.} 1/2-1/2

[Event "4th Capablanca Memorial GM 2018"]
[Site "Heraklion"]
[Date "2018.04.17"]
[Round "9"]
[White "Ider, Borya"]
[Black "Rozentalis, Eduardas"]
[Result "1/2-1/2"]
[WhiteElo "2510"]
[BlackElo "2518"]
[Annotator "TA"]
[PlyCount "40"]
[EventDate "2018.??.??"]
[EventType "tourn"]
[EventCountry "GRE"]
[SourceTitle "playchess.com"]
[Source "ChessBase"]
[SourceQuality "1"]

{[%evp 18,19,0,0]} 1. d4 Nf6 2. Nf3 e6 3. g3 b6 4. Bg2 Bb7 5. O-O Be7 6. c4 O-O 7. Nc3 Ne4 8. Nxe4 Bxe4 9. Ne1 Bxg2 10. Nxg2 {LiveBook: 890 Games} {Predecessor:} d5 $146 11. Qa4 Qd7 12. Qxd7 Nxd7 13. cxd5 exd5 14. Bf4 Rac8 15. Rac1 c6 16. Ne1 Rfe8 17. Nf3 Bf6 18. Rc2 h6 19. h4 c5 20. dxc5 bxc5 {½-½ (20) Rapport,R (2700)-Korobov,A (2652) Villorba 2018} 1/2-1/2

[Event "4th Capablanca Memorial GM 2018"]
[Site "Heraklion"]
[Date "2018.04.17"]
[Round "9"]
[White "Fernandez, Daniel Howard"]
[Black "Townsend, M Paul"]
[Result "1-0"]
[WhiteElo "2483"]
[BlackElo "2211"]
[Annotator "TA"]
[PlyCount "131"]
[EventDate "2018.??.??"]
[EventType "tourn"]
[EventCountry "GRE"]
[SourceTitle "playchess.com"]
[Source "ChessBase"]
[SourceQuality "1"]

{[%evp 9,131,-19,-7,-18,-23,-21,0,-4,0,0,0,0,0,0,32,24,16,7,14,-14,132,140,118,122,120,81,178,76,110,43,106,47,87,75,88,82,84,75,87,53,85,72,68,69,68,63,97,72,93,97,104,92,110,104,190,34,33,31,33,33,30,32,30,34,36,27,41,37,27,0,12,12,29,21,74,59,91,44,43,0,0,7,6,0,0,0,0,0,0,0,0,0,0,0,0,0,0,0,0,0,0,0,0,0,0,0,0,0,0,0,0,0,0,0,0,0,5061,5061,5057,1594,875,580,5061,5061]} 1. e4 e6 2. f4 d5 3. d3 (3. e5 c5 4. Nf3 Bd7 5. c3 Nh6 6. Na3 a5 7. Nc2 b5 8. d4 Nc6 9. Bd3 b4 10. O-O a4 11. cxb4 c4 12. Be2 Nxb4 {0-1 (38) Naroditsky,D (2626)-Holt,C (2565) San Francisco 2017}) 3... dxe4 4. dxe4 Qxd1+ 5. Kxd1 Bc5 6. Nf3 {C00: French: Unusual White 2nd moves} Nf6 7. Bd3 Nc6 8. Ke2 {The position is equal.} e5 $146 ({Predecessor:} 8... O-O 9. Nc3 a6 10. h3 b5 11. g4 Bb7 12. Be3 Bxe3 13. Kxe3 Nb4 14. e5 Nd7 15. a3 {½-½ (15) Tirado Parra,A (1903)-Jimenez Gonzalez,M (1798) Madrid 2017}) 9. fxe5 Ng4 10. Bf4 Nd4+ 11. Kd2 Ne6 12. Bg3 Be3+ 13. Kc3 Bf4 14. Nbd2 b6 (14... Bxg3 $1 $11 15. hxg3 O-O) 15. Bxf4 $16 Nxf4 16. h3 Nh6 {[%cal Bg4h6,Bh6f7,Bf7e5][%mdl 32]} 17. g4 Bb7 (17... Ng8 $16 {was called for.}) 18. Nc4 (18. Raf1 $18 {has better winning chances.}) 18... O-O-O 19. Ne3 ({White should play} 19. g5 $16 Ng8 20. Nd4) 19... f6 (19... Rhe8 $14) 20. Raf1 (20. exf6 $16 gxf6 21. Raf1) 20... Nf7 21. exf6 gxf6 22. Nd4 Nxd3 23. cxd3 Ne5 {[#]} 24. Rd1 $1 h5 25. Ne6 Rd6 26. Nf4 $36 {[%mdl 2048] White has good play.} hxg4 27. hxg4 Re8 28. Rh7 Kb8 29. Rdh1 Rdd8 {aiming for ...Nxd3!} 30. Nfd5 Bxd5 31. Nxd5 ({Much worse is} 31. exd5 $6 Nf3 $11) 31... c6 {[#]} (31... Nxg4 $16 32. R1h3 (32. Nxc7 $2 Rc8 $17) 32... Rd6) 32. Nxf6 $2 (32. Nb4 $1 $18) 32... Rxd3+ $14 33. Kc2 Red8 34. Rh8 Rd2+ 35. Kc1 Rd1+ $1 36. Rxd1 Rxh8 $11 {[%mdl 4096] Endgame KRN-KRN} 37. Kd2 Rh3 38. Ke2 Kc7 39. Rg1 Kd6 40. g5 {Threatens to win with g6.} Rh2+ 41. Ke3 Ng6 (41... Ke7 $11 {keeps the balance.}) 42. Rf1 Ne5 43. Kf4 {Kf5 is the strong threat.} Ke6 $1 44. Ng4 (44. Kg3 {is more complex.} Rxb2 45. Nh5 Rb4 46. Nf4+ Kd6 47. g6) 44... Nxg4 $1 45. Kxg4 Rxb2 {KR-KR} 46. a3 c5 {[%cal Bc6c5,Bc5c4,Bc4c3,Bc3c2][%mdl 32]} 47. g6 Rg2+ 48. Kh5 c4 49. Rf7 c3 {Strongly threatening ...c2.} 50. Rxa7 Kd6 (50... c2 $5 51. Rc7 $8 Kd6 $11) 51. Ra8 Kd7 {( -> ...c2)} (51... c2 $5 52. Rc8 $8 Ke5 $11) 52. Rf8 c2 53. Rf1 $1 Rh2+ 54. Kg5 Rg2+ 55. Kh6 Rh2+ 56. Kg7 Rd2 57. Rc1 Ke7 58. Kh8 b5 59. g7 Rh2+ 60. Kg8 Rd2 61. e5 Ke6 62. Rf1 Rd1 $2 {[%mdl 8192] [#]} (62... Ke7 $11) 63. Kh8 $1 $18 {[%mdl 512] White is clearly winning.} Rxf1 64. g8=Q+ Kxe5 65. Qg5+ Kd4 66. Qd2+ {Precision: White = 63%, Black = 42%.} 1-0

[Event "4th Capablanca Memorial GM 2018"]
[Site "Heraklion"]
[Date "2018.04.17"]
[Round "9"]
[White "Kapnisis, Spyridon"]
[Black "Poetsch, Hagen"]
[Result "1/2-1/2"]
[WhiteElo "2472"]
[BlackElo "2484"]
[Annotator "TA"]
[PlyCount "85"]
[EventDate "2018.??.??"]
[EventType "tourn"]
[EventCountry "GRE"]
[SourceTitle "playchess.com"]
[Source "ChessBase"]
[SourceQuality "1"]

{[%evp 15,85,2,-9,-27,-33,-26,-26,-25,-8,-51,-33,-27,-28,-27,-31,-36,-29,-29,-13,-18,-25,-14,-8,-36,-28,-43,-12,-9,-12,-12,16,11,21,11,34,17,34,20,51,17,21,21,21,23,16,18,18,17,17,14,12,12,12,14,16,15,14,19,237,104,188,0,0,0,0,0,0,0,0,0,0,-100]} 1. c4 e6 2. Nc3 d5 3. d4 dxc4 4. e3 Nf6 5. Bxc4 a6 6. Nf3 b5 7. Be2 Bb7 8. O-O Nbd7 {LiveBook: 90 Games. D26: Queen's Gambit Accepted: 4 e3 e6 5 Bxc5 c5 sidelines} 9. Nd2 (9. Bd2 c5 10. Rc1 Rc8 11. dxc5 Bxc5 12. b4 Bd6 13. a4 bxa4 14. Nxa4 O-O 15. Rxc8 Qxc8 16. Bc3 {½-½ (58) Fedoseev,V (2731)-Grachev,B (2654) Sochi 2017}) 9... c5 10. Bf3 Qc7 $146 {Black has an edge.} ({Find the theoretical novelty and annotate with similar games:} 10... Qb8 11. Qe2 Bd6 12. a4 b4 13. Nce4 Bxh2+ {0-1 (13) Vlatkovic,S (2281)-Blagojevic,D (2540) Belgrade 2016}) 11. a4 b4 12. Nce4 cxd4 13. exd4 Be7 14. Nxf6+ Nxf6 15. Nb3 Bxf3 16. Qxf3 Nd5 17. Qg4 O-O 18. Bh6 {[%csl Gh6][%cal Rg4g7]} Bf6 {With the idea ...Qc2.} 19. Rac1 Qe7 20. h4 Kh8 21. Bg5 h6 22. Bxf6 Nxf6 (22... gxf6 {NOTEXT} 23. Qh5 Kh7 24. Rc5 Qd7 25. Rfc1 Rg8) 23. Qf3 Nd5 24. g3 Rac8 25. Rfe1 {aiming for Rxc8.} Rxc1 26. Rxc1 Qd6 27. Qd3 Ne7 $1 28. Rc5 Rd8 29. Qc4 Nf5 {[%cal Rf5d4]} 30. Rc6 Qd7 $1 {[%cal Rf5d4]} 31. Rxa6 Nxd4 32. Nxd4 Qxd4 33. Qxd4 Rxd4 $11 {[%mdl 4096] Endgame KR-KR} 34. Rb6 {Threatening b3.} b3 $1 35. a5 Ra4 36. a6 {Strongly threatening Kf1.} g5 $2 {[#]} (36... Ra2 $11) 37. hxg5 (37. Kf1 $1 $18 {is the precise move to win.}) 37... hxg5 {[#]} (37... Kh7 $16 {was necessary.}) 38. Rxb3 $2 (38. Kf1 $1 $18) 38... Rxa6 {The position is equal.} 39. Rb5 Ra1+ 40. Kg2 Rb1 41. Kf3 Kh7 42. Rxg5 Rxb2 43. Ke4 {Precision: White = 53%, Black = 61%.} (43. Ke3 $11 {remains equal.}) 1/2-1/2

[Event "4th Capablanca Memorial GM 2018"]
[Site "Heraklion"]
[Date "2018.04.17"]
[Round "9"]
[White "Petrova, Kristyna"]
[Black "Pogosyan, Stefan"]
[Result "1/2-1/2"]
[WhiteElo "2257"]
[BlackElo "2314"]
[Annotator "NA"]
[PlyCount "74"]
[EventDate "2018.??.??"]
[EventType "tourn"]
[EventCountry "GRE"]
[SourceTitle "playchess.com"]
[Source "ChessBase"]
[SourceQuality "1"]
[TimeControl "40/5400+30:1800+30"]

1. Nf3 {[%emt 0:00:00]} Nf6 {[%emt 0:00:07]} 2. g3 {[%emt 0:00:00]} d5 {[%emt 0:00:52]} 3. Bg2 {[%emt 0:00:00]} c5 {[%emt 0:00:08]} 4. O-O {[%emt 0:00:16]} Nc6 {[%emt 0:00:09]} 5. d4 {[%emt 0:00:08]} Bf5 {[%emt 0:03:38]} 6. c4 {[%emt 0:05:51]} e6 {[%emt 0:14:56]} 7. Nc3 {[%emt 0:12:24] LiveBook: 9 Games} dxc4 {[%emt 0:00:30]} ({Predecessor:} 7... Be7 $146 8. cxd5 exd5 9. dxc5 Bxc5 10. Bg5 d4 11. Nb5 a6 12. Bxf6 gxf6 13. Rc1 Bb6 14. Na3 Qd7 15. Nc4 {0-1 (51) Vaulin,A (2516)-Rabiega,R (2522) chessassistantclub.com INT 2004}) 8. Ne5 {[%emt 0:09:40]} Rc8 {[%emt 0:00:27]} 9. Nxc6 {[%emt 0:17:54]} bxc6 {[%emt 0:00:18]} 10. dxc5 {[%emt 0:00:24]} Bxc5 {[%emt 0:03:36]} 11. Qa4 {[%emt 0:01:37]} O-O {[%emt 0:00:57]} 12. Qxc4 {[%emt 0:00:16]} Bb6 {[%emt 0:02:14]} 13. Rd1 {[%emt 0:07:56]} Qe7 {[%emt 0:00:28]} 14. Na4 {[%emt 0:04:09]} Rfd8 {[%emt 0:06:25]} 15. Bf4 {[%emt 0:01:21]} e5 {[%emt 0:01:03]} 16. Nxb6 {[%emt 0:01:05]} axb6 {[%emt 0:00:18]} 17. Rxd8+ {[%emt 0:06:12]} Rxd8 {[%emt 0:00:16]} 18. Bg5 {[%emt 0:00:28]} c5 {[%emt 0:00:58]} 19. Qb3 {[%emt 0:01:29]} h6 {[%emt 0:05:19]} 20. Bxf6 {[%emt 0:00:46]} Qxf6 {[%emt 0:00:08]} 21. Bd5 {[%emt 0:00:43]} e4 {[%emt 0:06:14]} 22. Rd1 {[%emt 0:02:30]} Be6 {[%emt 0:09:30]} 23. Bxe6 {[%emt 0:01:04]} Rxd1+ {[%emt 0:00:05]} 24. Qxd1 {[%emt 0:00:02]} Qxe6 {[%emt 0:00:01]} 25. a4 {[%emt 0:02:53]} g6 {[%emt 0:04:22]} 26. a5 {[%emt 0:02:36]} bxa5 {[%emt 0:01:37]} 27. Qd8+ {[%emt 0:00:02]} Kg7 {[%emt 0:01:10]} 28. Qxa5 {[%emt 0:00:04]} Qc4 {[%emt 0:01:54]} 29. Qd2 {[%emt 0:03:24]} Qd4 {[%emt 0:03:31]} 30. Qc1 {[%emt 0:05:05]} g5 {[%emt 0:01:55]} 31. Kg2 {[%emt 0:06:53]} f6 {[%emt 0:03:43]} 32. e3 {[%emt 0:02:37]} Qd5 {[%emt 0:00:28]} 33. Qc3 {[%emt 0:02:08]} h5 {[%emt 0:03:15]} 34. Qa5 {[%emt 0:00:30]} Qd6 {[%emt 0:06:48]} 35. Qa7+ {[%emt 0:00:11]} Kg6 {[%emt 0:00:08]} 36. Qa8 {[%emt 0:00:37]} Qe6 {[%emt 0:00:21]} 37. h3 {[%emt 0:01:18]} c4 {[%emt 0:02:45]} 1/2-1/2

[Event "4th Capablanca Memorial GM 2018"]
[Site "Heraklion"]
[Date "2018.04.17"]
[Round "9"]
[White "Petrova, Kristyna"]
[Black "Pogosyan, Stefan"]
[Result "*"]
[WhiteElo "2257"]
[BlackElo "2314"]
[Annotator "TA"]
[PlyCount "29"]
[EventDate "2018.??.??"]
[EventType "tourn"]
[EventCountry "GRE"]
[SourceTitle "playchess.com"]
[Source "ChessBase"]
[SourceQuality "1"]

{[%evp 12,13,42,45]} 1. Nf3 Nf6 2. g3 d5 3. Bg2 c5 4. O-O Nc6 5. d4 Bf5 6. c4 e6 7. Nc3 {LiveBook: 9 Games} {Predecessor:} Be7 $146 8. cxd5 exd5 9. dxc5 Bxc5 10. Bg5 d4 11. Nb5 a6 12. Bxf6 gxf6 13. Rc1 Bb6 14. Na3 Qd7 15. Nc4 {0-1 (51) Vaulin,A (2516)-Rabiega,R (2522) chessassistantclub.com INT 2004} *